El infinito en todas direcciones
Uloženo v:
| Hlavní autor: | |
|---|---|
| Médium: | Kniha |
| Jazyk: | španělština |
| Vydáno: |
Barcelona
Tusquets
1991
|
| Edice: | Metatemas, 25
|
| Témata: | |
| Tagy: |
Přidat tag
Žádné tagy, Buďte první, kdo vytvoří štítek k tomuto záznamu!
|
MARC
| LEADER | 00000nam a2200000 a 4500 | ||
|---|---|---|---|
| 001 | UCX3837 | ||
| 003 | CL-VaPUC | ||
| 008 | 920113e19910000SP |||||||||||||||||spa|d | ||
| 082 | 0 | 4 | |a 501 |b DYS |2 21 |
| 100 | 0 | |a Dyson, Freeman J |e author |9 320050 | |
| 245 | 1 | 3 | |a El infinito en todas direcciones |
| 300 | |a 303 p | ||
| 942 | |c BK | ||
| 945 | |d 19920113 00:00:00 | ||
| 260 | |a Barcelona |b Tusquets |c 1991 | ||
| 650 | 0 | |a Filosofía de las ciencias |9 256466 | |
| 650 | 0 | |a Biología |9 262022 | |
| 583 | |a last modification |c 20120930 10:19:42 |k Rodrigo Vera | ||
| 490 | 0 | |a Metatemas, 25 | |
| 999 | |c 224488 |d 224486 | ||
| 952 | |0 0 |1 0 |4 0 |6 501_000000000000000_DYS_1991 |7 0 |8 A |9 221167 |a BIBCUR |b BIBCUR |d 2019-11-15 |i 289923K |o 501 DYS 1991 |p 289923K |r 2025-04-22 |w 2019-11-15 |y BK |k FIS | ||